Karl-Marx-Straße 23: (Titelsatznr. 80536)
[ MARC ]
| 000 -Satzkennung | |
|---|---|
| Kontrollfeld mit fester Länge | 00657nam a2200169 4500 |
| 008 - Feld mit fester Länge zur physischen Beschreibung - Allgemeine Angaben | |
| Kontrollfeld mit fester Länge | 210108b ||||| |||| 00| 0 eng d |
| 040 ## - Katalogisierungsquelle | |
| Original-Katalogisierungsstelle | STAFF |
| Katalogisierungssprache | ger |
| Übertragungsstelle | STAFF |
| Beschreibungsfestlegungen | rda |
| 041 ## - Sprachcode | |
| Sprachcode des Textes/der Tonspur oder des separaten Titels | ger |
| 245 ## - Titel | |
| Haupttitel | Karl-Marx-Straße 23: |
| Titelzusatz | Neues Wahrzeichen für die Stadt |
| 651 ## - Nebeneintragung unter einem Schlagwort - Geografischer Name | |
| Geografischer Name | Frankfurt (Oder) |
| 653 ## - Lokales Schlagwort | |
| Nicht-normierter Term | Hochhaus Karl-Marx-Straße 23 / Sanierung |
| 773 ## - Übergeordnete Einheit | |
| Ort, Verlag und Erscheinungsjahr | Frankfurt (Oder): Stadt Frankfurt (Oder) und Büro für Stadtplanung, -forschung und -erneuerung |
| Verknüpfungsangaben | (2020), Nr. 28, Dezember, S. 15 |
| Titel | Zentrum: Zeitschrift für das Sanierungsgebiet ehemalige Altstadt Frankfurt (Oder) |
| 942 ## - Zusätzliche Felder (Koha) | |
| Koha-Medientyp | Aufsätze |
| Ausgeschieden | Verloren | Beschädigt | Nicht entleihbar | Permanenter Standort | Aktueller Standort | Aufstellungsort | Eingabedatum | Jahrgang/Heft | Anzahl Ausleihen | Signatur | Letzte Aktivität | Preis gültig von | Medientyp |
|---|---|---|---|---|---|---|---|---|---|---|---|---|---|
| Stadtarchiv Frankfurt (Oder) | Archivbibliothek | Stadtarchiv Frankfurt (Oder) | Archivbibliothek | Lesesaal | 08/01/2021 | 28/2020 | Z 11 | 08/01/2021 | 08/01/2021 | Aufsätze |